Headway intermedia Work Book
Spremljeno u:
| Glavni autor: | |
|---|---|
| Daljnji autori: | |
| Format: | Knjiga |
| Jezik: | English |
| Izdano: |
New York
Oxford University Press
1996
|
| Teme: | |
| Oznake: |
Dodaj oznaku
Bez oznaka, Budi prvi tko označuje ovaj zapis!
|
| Thư viện lưu trữ: | Trung tâm Học liệu Lê Vũ Hùng, Trường Đại học Đồng Tháp |
|---|
| LEADER | 00663pam a22002298a 4500 | ||
|---|---|---|---|
| 001 | 00041569 | ||
| 008 | 170505s1996 ||||||engsd | ||
| 005 | 20180608130627.0 | ||
| 041 | 0 | # | |a eng |
| 082 | 0 | 4 | |a 428 |b H200A |
| 100 | 1 | # | |a Soars, John |
| 245 | 1 | 0 | |a Headway intermedia |c John and Liz Soars |b Work Book |
| 260 | # | # | |a New York |b Oxford University Press |c 1996 |
| 300 | # | # | |a 58 p. |b ill. |c 23 cm. |
| 650 | # | 4 | |a Bài tập |
| 650 | # | 4 | |a Tiếng anh |
| 650 | # | 4 | |a Ngữ pháp |
| 650 | # | 4 | |a Hoa Kỳ |
| 700 | 1 | # | |a Soars, Liz |
| 852 | # | # | |j KD.0023795 |
| 910 | |d 06/06/2018 | ||
| 980 | # | # | |a Trung tâm Học liệu Lê Vũ Hùng, Trường Đại học Đồng Tháp |